Quiz sur la Tasmanie - Statistiques

Statistiques générales
  • Ce quiz a été pris 7 fois
  • Le résultat moyen est 8 sur 17
Statistiques - réponses
Hint Réponse % Correct
Capitale et plus grande ville Hobart
100%
Mer située à l'ouest de l'île Mer de Tasman
83%
Navigateur britannique qui fut l'un des premier européen à explorer l'île James Cook
67%
Continent vers lequel la Tasmanie sert de point de départ Antarctique
50%
Détroit entre la Tasmanie et l'Australie Détroit de Bass
50%
Espèce endémique connue pour son cri strident et son apparition dans les Looney Tunes Diable de Tasmanie
50%
Avec l'ornithorynque ce mammifère vivant sur l'île est le seul à pondre des œufs Echidné
50%
Pays d'origine de la première expédition européenne à avoir débarqué sur l'île France
50%
Climat de la Tasmanie Océanique
50%
Espèce endémique dont le dernier spécimen s'est éteint en 1936 Thylacine
50%
Nationalité d'Abel Tasman, explorateur ayant donné son nom à l'île Néerlandais
33%
Ville australienne, point de départ d'une course de voilier arrivant en Tasmanie Sydney
33%
Ville d'où partent les bateaux vers le continent australien Devonport
17%
Deuxième ville la plus peuplée Launceston
17%
Musée d'art moderne ouvert en 2011 MONA
17%
Ils couvrent 36% de son territoire Parcs Nationaux
17%
Coureur cycliste né en Tasmanie Richie Porte
17%
Aucun quiz correspondant
Distribution des résultats
% des personnes avec chaque résultat
Percentile par nombre de réponses
Votre historique - résultats
Vous n’avez pas pris ce quiz